00539nam a2200145 a 450000500170000002000250001703700080004210000220005024500770007226000330014927000880018230000290027070000160029985600780031520120105141038.0 a9788184971772c65.00 bPUB aBlacker, Terence  aYour're kidding, Ms Wiz /cby Terence Blacker; illustrated by Tony Ross  aNew Delhi bBPI India c2011 aF-213 / A, Ground Floor, Old Mehrauli Badarpur Road, Lado SaraibNew Delhi e110030 a59p. c21cm(pbk) bill.  a Ross, Tony 3Table of contentsuhttp://www.loc.gov/catdir/toc/ecip0516/2005020735.html